Otázky komunikace a téma handicapu se zřetelem k žákům se speciálními vzdělávacími potřebami = Questions of communication and the topic of handicap regarding pupils with special educational needs /

Hlavní autor: Sieglová, Naděžda, 1944-
Další autoři: Zítková, Jitka, 1971-
Jazyk: Chorvatština
Čeština
Vydáno: Brno : Masarykova univerzita, 2012
Vydání: 1. vyd.
Témata:
Externí odkaz: Digitalizovaný dokument
Fyzický popis: 201 s. : il. ; 21 cm
Language note: Část. souběžný chorvatský text, anglická resumé
Knihy
Uloženo v:
LEADER 03047nam a2200721 a 4500
001 nkc20132446499
003 CZ PrNK
005 20130418122531.0
007 ta
008 130312s2012 xr a f 001 0 cze
015 |a cnb002446499 
020 |a 978-80-210-6053-1  |q (brož.) 
035 |a (OCoLC)837505112 
040 |a BOA001  |b cze  |d OLA001 
041 1 |a cze  |a hrv  |b eng  |h cze 
072 7 |a 37  |x Výchova a vzdělávání  |2 Konspekt  |9 22 
080 |a 37.043.2  |2 MRF 
080 |a 616.89-008.43  |2 MRF 
080 |a 316.344.6-056.26/.3-053.2  |2 MRF 
080 |a 316.344.7  |2 MRF 
080 |a 316.77:37.016  |2 MRF 
080 |a 82:37.016  |2 MRF 
080 |a 811.162.3  |2 MRF 
080 |a 82:7.04  |2 MRF 
080 |a 364.694  |2 MRF 
080 |a (048.8:082)  |2 MRF 
100 1 |a Sieglová, Naděžda,  |d 1944-  |7 jk01111280  |4 aut 
245 1 0 |a Otázky komunikace a téma handicapu se zřetelem k žákům se speciálními vzdělávacími potřebami =  |b Questions of communication and the topic of handicap regarding pupils with special educational needs /  |c Naděžda Sieglová, Jitka Zítková et al. 
246 3 1 |a Questions of communication and the topic of handicap regarding pupils with special educational needs 
250 |a 1. vyd. 
260 |a Brno :  |b Masarykova univerzita,  |c 2012 
300 |a 201 s. :  |b il. ;  |c 21 cm 
500 |a 200 výt. 
504 |a Obsahuje bibliografii, bibliografické odkazy a rejstřík 
546 |a Část. souběžný chorvatský text, anglická resumé 
650 0 7 |a integrovaná výchova a vzdělávání  |7 ph121132  |2 czenas 
650 0 7 |a specifické poruchy učení  |7 ph125888  |2 czenas 
650 0 7 |a děti se zdravotním postižením  |7 ph116745  |2 czenas 
650 0 7 |a sociálně ohrožené skupiny  |7 ph135661  |2 czenas 
650 0 7 |a komunikační výchova  |7 ph690539  |2 czenas 
650 0 7 |a literární výchova  |7 ph117228  |2 czenas 
650 0 7 |a čeština  |7 ph135292  |2 czenas 
650 0 7 |a literární náměty  |7 ph138213  |2 czenas 
650 0 7 |a handicap  |7 ph120642  |2 czenas 
650 0 9 |a integrated education  |2 eczenas 
650 0 9 |a learning disabilities  |2 eczenas 
650 0 9 |a children with disabilities  |2 eczenas 
650 0 9 |a people with social disabilities  |2 eczenas 
650 0 9 |a communication education  |2 eczenas 
650 0 9 |a literary education  |2 eczenas 
650 0 9 |a Czech language  |2 eczenas 
650 0 9 |a literary themes  |2 eczenas 
650 0 9 |a handicap  |2 eczenas 
655 7 |a kolektivní monografie  |7 fd501537  |2 czenas 
655 9 |a collective monographs  |2 eczenas 
700 1 |a Zítková, Jitka,  |d 1971-  |7 mzk2004248667  |4 aut 
856 4 1 |u http://www.digitalniknihovna.cz/mzk/uuid/uuid:8b300240-12b3-11ef-b685-0050568d319f  |y Digitalizovaný dokument  |x NDK 
910 2 |a BOA001  |b 2-1301.448 
990 |a BK 
995 |a 01 
991 |b 201304  |c NOV  |j 37 SIE  |e n 
996 6 |b 2610542929  |c 2-1301.448  |l MZK  |r Sklad / do 1 hodiny  |n 1  |p p.v.  |w 001318617  |u 000010  |a 1  |e BOA001  |j MZK50  |s P 
996 7 |b 2610542930  |c 2-1301.448  |l Vol.výběr  |r VV 0p  |n 10  |p p.v.  |h 37 SIE  |w 001318617  |u 000020  |a 0  |e BOA001  |j MZK50  |s A